Diccionario técnico francés - español=Dictionnaire technique francais - espagnol

Uloženo v:
Podrobná bibliografie
Hlavní autor: Mataix Lorda, Mariano (autor)
Médium: Kniha
Jazyk:španělština
francouzština
Vydáno: Madrid EDAF 1967
Témata:
Tagy: Přidat tag
Žádné tagy, Buďte první, kdo vytvoří štítek k tomuto záznamu!

MARC

LEADER 00000nam a2200000 a 4500
001 UCU7989
003 CL-VaPUC
008 960712e19670000SP |||||||||||||||||spa|d
041 0 7 |a spa  |2 CL-VaPUC 
041 0 7 |a fre  |2 CL-VaPUC 
082 0 4 |a 603  |b MAT  |2 21 
100 |a Mataix Lorda, Mariano  |e autor  |9 544603 
245 1 0 |a Diccionario técnico francés - español=Dictionnaire technique francais - espagnol 
300 |a 2 v 
942 |c BK 
945 |d 19960712 00:00:00  |a paguirre 
260 |a Madrid  |b EDAF  |c 1967 
650 0 |a Tecnología  |9 256742 
650 0 |a Ciencia  |9 255691 
650 0 |a Diccionarios  |9 256200 
650 7 |a MATERIALES DE REFERENCIA  |2 CL-VaPUC  |9 362402 
583 |a last modification  |c 19960712 00:00:00  |k Rodrigo Vera 
999 |c 250528  |d 250526 
952 |0 0  |1 0  |4 0  |6 603_000000000000000_MAT_1967  |7 0  |8 X  |9 268681  |a BIBING  |b BIBING  |d 2019-11-19  |h v.1  |i 1705652  |o 603 MAT 1967  |p 1705652  |r 2025-01-20  |w 2019-11-19  |y BK_X  |k GEO 
952 |0 0  |1 0  |4 0  |6 603_000000000000000_MAT_1967  |7 0  |8 X  |9 268682  |a BIBING  |b BIBING  |d 2019-11-19  |h v.2  |i 1705296  |o 603 MAT 1967  |p 1705296  |r 2025-01-20  |w 2019-11-19  |y BK_X  |k GEO 
952 |0 0  |1 0  |4 0  |6 603_000000000000000_MAT_1967  |7 0  |8 X  |9 268684  |a BIBCUR  |b BIBCUR  |d 2019-11-19  |h v.1  |i 1766864  |o 603 MAT 1967  |p 1766864  |r 2025-04-22  |w 2019-11-19  |y BK_X  |k BCB 
952 |0 0  |1 0  |4 0  |6 603_000000000000000_MAT_1967  |7 0  |8 X  |9 268686  |a BIBCUR  |b BIBCUR  |d 2019-11-19  |h v.2  |i 1766880  |o 603 MAT 1967  |p 1766880  |r 2025-04-22  |w 2019-11-19  |y BK_X  |k BCB